000 00741nam a22002417a 4500
003 UA-OsUOA
001 29444
007 ta
008 20041011b un ||||| |||| 00| 0 ukr d
090 _a821.161.2
_bД37
942 _cBK
040 _aUA-OsUOA
_bukr
_cUA-OsUOA
_dUA-OsUOA
245 _aДесять українських прозаїків та поетів
_bантологія сучасної прози та поезії
_cУпор. В.Медвідь
300 _a256 с.
955 _a3
041 _aukr
080 _a821.161.2
020 _a5-7707-8634-5
260 _aКиїв
_b"Роккард"
_c1995
044 _aUA
650 7 _a82 Література. Літературознавство
_2UDC
999 _c315833
_d315833